| 000 | 00403nam a2200169Ia 4500 | ||
|---|---|---|---|
| 003 | 0100 | ||
| 008 | 130303s9999 xx 000 0 und d | ||
| 040 | _cARRUPELIB | ||
| 050 | _aJC71.A41W351959 | ||
| 100 | _aWarrington, John (ed) | ||
| 245 | _aAristotle's Politcs and Athenian Constitution | ||
| 260 | _aLondon | ||
| 260 | _bJ.M. Dent Sons LTD | ||
| 260 | _C1959 | ||
| 300 | _a319p | ||
| 942 | 0 | 0 | _04 |
| 999 |
_c47413 _d47413 |
||